| 000 | 00590nam a22002177a 4500 | ||
|---|---|---|---|
| 003 | OSt | ||
| 005 | 20160630134322.0 | ||
| 008 | 160630b xxu||||| |||| 00| 0 eng d | ||
| 020 | _a9781555583293 | ||
| 020 | _a1555583296 | ||
| 040 | _cDDC | ||
| 082 | _a005.74 MEN 2006 | ||
| 100 |
_aMensah, Kuassi _99770 |
||
| 245 | _aOracle Database Programming using Java and Web services | ||
| 260 | _aAmsterdam; Elsevier, 2006 | ||
| 300 | _axxxii,1087p; ill: 24cm | ||
| 504 | _aIndex included | ||
| 650 |
_aDatabase management _9508 |
||
| 650 |
_aJava programming _94189 |
||
| 942 |
_2z _cO_SHELF |
||
| 999 |
_c4558 _d4558 |
||